<?xml version="1.0" encoding="UTF-8"?><?xml-stylesheet type="text/xsl" href="static/style.xsl"?><OAI-PMH xmlns="http://www.openarchives.org/OAI/2.0/" xmlns:xsi="http://www.w3.org/2001/XMLSchema-instance" xsi:schemaLocation="http://www.openarchives.org/OAI/2.0/ http://www.openarchives.org/OAI/2.0/OAI-PMH.xsd"><responseDate>2026-06-07T06:24:24Z</responseDate><request verb="GetRecord" identifier="oai:riuma.uma.es:10630/29301" metadataPrefix="marc">https://riuma.uma.es/rest/oai/request</request><GetRecord><record><header><identifier>oai:riuma.uma.es:10630/29301</identifier><datestamp>2026-02-03T11:41:09Z</datestamp><setSpec>com_10630_2254</setSpec><setSpec>col_10630_37956</setSpec></header><metadata><record xmlns="http://www.loc.gov/MARC21/slim" xmlns:dcterms="http://purl.org/dc/terms/" xmlns:doc="http://www.lyncode.com/xoai" xmlns:xsi="http://www.w3.org/2001/XMLSchema-instance" xsi:schemaLocation="http://www.loc.gov/MARC21/slim http://www.loc.gov/standards/marcxml/schema/MARC21slim.xsd">
   <leader>00925njm 22002777a 4500</leader>
   <datafield ind2=" " ind1=" " tag="042">
      <subfield code="a">dc</subfield>
   </datafield>
   <datafield ind2=" " ind1=" " tag="720">
      <subfield code="a">Caro-Gándara, Rocío</subfield>
      <subfield code="e">author</subfield>
   </datafield>
   <datafield ind2=" " ind1=" " tag="260">
      <subfield code="c">2021</subfield>
   </datafield>
   <datafield ind2=" " ind1=" " tag="520">
      <subfield code="a">La reserva de dominio, entendida como cláusula inserta en un contrato de venta de bienes muebles que suspende la transferencia de propiedad hasta el pago total del precio aplazado, ha alcanzado gran protagonismo en ordenamientos jurídicos de nuestro entorno. Es el caso de los Derechos alemán, francés e inglés, analizados en la obra. En todos ellos constituye un mecanismo de financiación inter partes y una garantía, bien de pago, bien tras el impago del comprador. Sin embargo, cuando se pretende hacer valer en España la cláusula pactada conforme a uno de esos ordenamientos, su eficacia peligra debido a la rígida aplicación de las normas españolas que regulan su oponibilidad a otros acreedores del comprador y terceros. Para facilitar dicha eficacia, la obra propone soluciones de lege lata y de lege ferenda que ponderan intereses contrapuestos: de contratantes y de terceros, así como del tráfico local y del comercio internacional.</subfield>
   </datafield>
   <datafield ind1="8" ind2=" " tag="024">
      <subfield code="a">La reserva de dominio en el comercio internacional. Validez y eficacia en España</subfield>
   </datafield>
   <datafield ind1="8" ind2=" " tag="024">
      <subfield code="a">978-84-1346-250-9</subfield>
   </datafield>
   <datafield ind1="8" ind2=" " tag="024">
      <subfield code="a">https://hdl.handle.net/10630/29301</subfield>
   </datafield>
   <datafield tag="653" ind2=" " ind1=" ">
      <subfield code="a">Comercio exterior</subfield>
   </datafield>
   <datafield ind2="0" ind1="0" tag="245">
      <subfield code="a">La reserva de dominio en el comercio internacional. Ley aplicable y eficacia en España</subfield>
   </datafield>
</record>
</metadata></record></GetRecord></OAI-PMH>